| 000 | 02007cam a22003011ia4500 | ||
|---|---|---|---|
| 003 | SA-RiAUC | ||
| 005 | 20241028071217.0 | ||
| 008 | 241028s1951 ua g 00010 ara c | ||
| 040 |
_aSA-RiAUC _bara _cSA-RiAUC _erda |
||
| 082 | 0 | 4 |
_a258.3 _qSA-RiAUC |
| 090 |
_a258.3 _bس ل ي |
||
| 100 | 1 |
_aسليمان البجيرمي، سليمان بن محمد بن عمر، _d1131-1221 هجري _eمؤلف. |
|
| 245 | 1 | 0 |
_aالبجيرمي على الخطيب، وهو، حاشية الشيخ سليمان بن محمد بن عمر البجيرمي الشافعي، المسماة، تحفة الحبيب على شرح الخطيب، المعروف، بالإقناع في حل ألفاظ أبي شجاع للشيخ محمد بن أحمد الشربيني القاهري الشافعي المعروف بالخطيب الشربيني / _cسليمان محمد البجيرمي. |
| 246 | 3 | 3 | _aحاشية الشيخ سليمان بن محمد بن عمر البجيرمي الشافعي، المسماة، تحفة الحبيب على شرح الخطيب |
| 246 | 3 | 3 | _aتحفة الحبيب على شرح الخطيب |
| 250 | _aالطبعة الاولى. | ||
| 264 | 1 |
_aبيروت : _bدار الكتب العلمية، _c1996 |
|
| 300 |
_a5 مجلد ؛ _c28 سم |
||
| 336 |
_aنص _btxt _2rdacontent _3كتاب |
||
| 337 |
_aبدون وسيط _bn _2rdamedia |
||
| 338 |
_aمجلد _bnc _2rdacarrier |
||
| 650 | 7 |
_aالفقه الشافعي _2aucsh |
|
| 650 | 7 |
_aالفقه الإسلامي _xمذاهب _2aucsh |
|
| 700 | 1 | 2 |
_iشرح لـ (عمل) : _aالخطيب الشربيني، محمد بن أحمد الشربيني، _dتوفي 977 هجري _tشرح الخطيب، المعروف، بالإقناع في حل ألفاظ أبي شجاع. |
| 700 | 1 | 2 |
_iمع (عمل) : _aالأصفهاني، أحمد بن الحسين بن أحمد، _d533-593 هجري _tمتن الغاية والتقريب، المعروف، بمتن أبي شجاع. |
| 942 |
_2ddc _cBOOK |
||
| 949 |
_aSA-JeALM _d241028 _ukhaled123 _n1 |
||
| 999 |
_c1778 _d1778 |
||